Top Countries by Category by Continent #1 - Statistics

General Stats
  • This quiz has been taken 48 times
  • The average score is 55 of 72
Answer Stats
Category Continent Answer % Correct
Population South America Brazil
100%
Biodiversity South America Brazil
100%
Northernmost North America Canada
100%
Happiest North America Canada
100%
Population South America Colombia
100%
Biodiversity South America Colombia
100%
Northernmost South America Colombia
100%
Population North America United States
100%
Biodiversity North America United States
100%
Northernmost North America United States
100%
Happiest North America United States
100%
Population Oceania Australia
97%
Biodiversity Oceania Australia
97%
Happiest Oceania Australia
97%
Most Corruption Oceania Australia
97%
Population North America Mexico
97%
Biodiversity North America Mexico
97%
Population Europe Russia
97%
Northernmost Asia Russia
97%
Northernmost Europe Russia
97%
Most Corruption Europe Russia
97%
Highest Crime Rate South America Venezuela
94%
Northernmost South America Venezuela
94%
Most Corruption South America Venezuela
94%
Population Asia China
92%
Biodiversity Asia China
92%
Happiest Oceania New Zealand
92%
Most Corruption Oceania New Zealand
92%
Northernmost Europe Norway
89%
Highest Crime Rate Africa Nigeria
86%
Population Africa Nigeria
86%
Highest Crime Rate Africa South Africa
86%
Biodiversity Africa South Africa
86%
Population Asia India
83%
Highest Crime Rate Europe France
81%
Population Europe Germany
81%
Highest Crime Rate Oceania Papua New Guinea
81%
Population Oceania Papua New Guinea
81%
Biodiversity Oceania Papua New Guinea
81%
Northernmost Africa Tunisia
81%
Northernmost Africa Algeria
78%
Happiest Africa Algeria
78%
Highest Crime Rate South America Argentina
75%
Happiest South America Chile
72%
Highest Crime Rate Oceania Fiji
72%
Most Corruption North America Haiti
72%
Northernmost Asia Kazakhstan
72%
Biodiversity Africa D.R. Congo
69%
Biodiversity Europe Italy
69%
Population Africa Ethiopia
67%
Happiest Europe Finland
67%
Northernmost Oceania F.S. Micronesia
67%
Northernmost Oceania Marshall Islands
67%
Most Corruption South America Paraguay
67%
Biodiversity Europe Spain
67%
Most Corruption Europe Ukraine
67%
Happiest South America Uruguay
61%
Highest Crime Rate North America Honduras
58%
Biodiversity Asia Indonesia
56%
Happiest Europe Denmark
53%
Most Corruption North America Nicaragua
50%
Most Corruption Africa Somalia
50%
Highest Crime Rate Asia Afghanistan
47%
Highest Crime Rate Asia Syria
42%
Most Corruption Asia Syria
42%
Happiest Asia Israel
33%
Happiest Asia Singapore
33%
Most Corruption Africa South Sudan
31%
Happiest Africa Mauritius
28%
Highest Crime Rate North America Trinidad
28%
Highest Crime Rate Europe Belarus
25%
Most Corruption Asia Yemen
19%
No matching quizzes found
Score Distribution
Percent of People with Each Score
Percentile by Number Answered
Your Score History
You have not taken this quiz